Le più grandi città del Sud Italia su mappa - Statistics

Statistiche generali
  • Questo quiz è stato fatto 291 volte
  • Il punteggio medio è 30 su 41
Risposte nella Mappa
Le risposte nella mappa del quiz sottostante sono codificate secondo una scala di colori dal rosso al verde in base alla % di persone che hanno risposto correttamente.
 
Statistiche sulle risposte
Regione Popolazione Città % Corretto
Campania 962,003 Napoli
98%
Puglia 315,933 Bari
97%
Sardegna 149,883 Cagliari
96%
Sicilia 657,651 Palermo
96%
Sicilia 243,262 Messina
94%
Calabria 180,817 Reggio Calabria
94%
Sicilia 293,902 Catania
92%
Puglia 147,036 Foggia
92%
Puglia 95,520 Lecce
92%
Campania 132,608 Salerno
91%
Puglia 200,154 Taranto
91%
Calabria 93,124 Catanzaro
90%
Basilicata 68,297 Potenza
88%
Sardegna 130,658 Sassari
88%
Puglia 89,780 Brindisi
86%
Abruzzo 123,077 Pescara
86%
Molise 49,230 Campobasso
85%
Abruzzo 72,511 L’Aquila
85%
Calabria 70,068 Cosenza
84%
Sicilia 123,850 Siracusa
84%
Sicilia 70,622 Trapani
84%
Calabria 61,798 Crotone
83%
Basilicata 60,818 Matera
83%
Campania 78,693 Caserta
82%
Puglia 94,459 Barletta
81%
Campania 62,035 Benevento
78%
Sicilia 73,743 Ragusa
75%
Puglia 100,086 Andria
74%
Campania 117,963 Giugliano in Campania
56%
Sicilia 82,774 Marsala
56%
Sicilia 77,360 Gela
54%
Sardegna 71,779 Quartu Sant'Elena
51%
Puglia 70,023 Altamura
49%
Calabria 71,286 Lamezia Terme
47%
Campania 87,197 Torre del Greco
46%
Campania 83,459 Pozzuoli
44%
Campania 64,506 Castellammare di Stabia
43%
Campania 63,981 Afragola
38%
Sicilia 63,332 Vittoria
35%
Calabria 74,848 Corigliano-Rossano
33%
Campania 79,562 Casoria
31%
Nessun quiz corrispondente trovato
Distribuzione punteggi
Percentuale di utenti per punteggio
Percentile per numero di risposta
I tuoi punteggi nel tempo
Non hai fatto questo quiz